[Event "AUTO-ELITE-2082"]
[Site "http://www.queenalice.com/game.php?id=1558590"]
[Date "2019.1.30"]
[Round "1"]
[White "Paulzinho"]
[Black "CCapivara"]
[Result "1-0"]
[WhiteElo "2323"]
[BlackElo "2258"]

1. e4 d6 2. d4 Nf6 3. Nc3 c6 4. f4 Qa5 5. Bd3 e5 6. Nf3 Bg4 7. Be3 Nbd7 8. O-O
Be7 9. h3 h5 10. hxg4 hxg4 11. Ng5 exf4 12. Bxf4 Nh5 13. Nxf7 Kxf7 14. Bxd6+ Ke8
15. Bxe7 Kxe7 16. Qxg4 Ndf6 17. Qf3 Raf8 18. e5 Nd5 19. Qg4 Nxc3 20. Rxf8 Kxf8
21. Rf1+ Ke8 22. Qe6+ Kd8 23. Qd6+ 1-0

[Event "AUTO-ELITE-2082"]
[Site "http://www.queenalice.com/game.php?id=1558597"]
[Date "2019.1.30"]
[Round "1"]
[White "Paulzinho"]
[Black "Donidon"]
[Result "1-0"]
[WhiteElo "2333"]
[BlackElo "2501"]

1. e4 e5 2. f4 d5 3. exd5 e4 4. d3 Qxd5 5. Nc3 Bb4 6. Bd2 Bxc3 7. Bxc3 Nf6 8.
dxe4 Qxe4+ 9. Qe2 O-O 10. Bxf6 Qxe2+ 11. Bxe2 gxf6 12. O-O-O Nc6 13. Bf3 Ne7 14.
Ne2 c6 15. Rhe1 Nf5 16. Nc3 Nh4 17. Ne4 Kg7 18. Nd6 Nxf3 19. gxf3 f5 20. Re7 b6
21. Ne8+ Kh8 22. Nf6 Be6 23. Rd6 Bd5 24. Nxd5 cxd5 25. Rxd5 Kg7 26. Rxf5 Kg6 27.
Rd5 Rfe8 28. Rxe8 Rxe8 29. Kd2 Kf6 30. c4 Rc8 31. b3 Rg8 32. Kc3 Rg2 33. Rd2 Rg1
34. Kb4 h5 35. Kb5 Re1 36. Rd7 Re2 37. Rxa7 Rxh2 38. Kxb6 Re2 39. c5 h4 40. c6
h3 41. Ra5 Kg6 42. Rg5+ Kf6 43. c7 Re6+ 44. Kb7 Re7 45. a4 h2 46. Rh5 1-0

[Event "AUTO-ELITE-2082"]
[Site "http://www.queenalice.com/game.php?id=1558598"]
[Date "2019.1.30"]
[Round "1"]
[White "Donidon"]
[Black "Paulzinho"]
[Result "1/2-1/2"]
[WhiteElo "2514"]
[BlackElo "2360"]

1. e4 c5 2. Nf3 d6 3. d4 cxd4 4. Nxd4 Nf6 5. Nc3 g6 6. Bc4 Bg7 7. O-O O-O 8. Bb3
Nc6 9. Be3 Ng4 10. h3 Nxe3 11. fxe3 Ne5 12. a4 b6 13. Nb1 Ba6 14. Rf2 Bh6 15.
Qe1 e6 16. Nb5 Qc8 17. N1c3 Qc5 18. Nd4 Bb7 19. Re2 Rae8 20. Nd1 Nd7 21. Nf2 a6
22. c3 Bg7 23. Rd1 Qc7 24. Red2 Nc5 25. Bc2 Re7 26. Nf3 d5 27. e5 Bxe5 28. Nxe5
Qxe5 29. Ng4 Qg5 30. Rd4 f5 31. Ne5 Qf6 32. Nf3 e5 33. R4d2 Kg7 34. b4 Ne4 35.
Bxe4 fxe4 36. Nh2 Rc7 37. Ng4 Qe6 38. Qg3 Rf5 39. Nf2 Rc4 40. Rc1 a5 41. Rb2 Bc6
42. Nd1 Rf7 43. Ra1 Qe7 44. Qe1 Qg5 45. Re2 Bb7 46. Rb1 Rfc7 47. Ra2 Qe7 48.
bxa5 bxa5 49. Rb5 R4c5 50. h4 h6 51. Qg3 d4 52. exd4 exd4 53. Rf2 dxc3 54. Ne3
Bc8 55. Rb6 R7c6 56. Nd5 Qd6 57. Qxd6 Rxd6 58. Rxd6 c2 59. Rf1 c1=Q 60. Rxc1
Rxc1+ 61. Kf2 Rc2+ 62. Kg3 Rd2 63. Rc6 Rxd5 64. Rxc8 Rd4 65. Rc7+ Kf6 66. Rc6+
Kf7 67. h5 gxh5 68. Rxh6 Rxa4 69. Rxh5 Kg6 70. Rc5 Ra3+ 1/2-1/2

[Event "AUTO-ELITE-2071"]
[Site "http://www.queenalice.com/game.php?id=1566423"]
[Date "2019.4.3"]
[Round "2"]
[White "plexus"]
[Black "Paulzinho"]
[Result "1/2-1/2"]
[WhiteElo "2701"]
[BlackElo "2365"]

1. e4 c5 2. Nf3 d6 3. d4 cxd4 4. Nxd4 Nf6 5. Nc3 g6 6. Bc4 Bg7 7. O-O O-O 8. Re1
Nc6 9. Bb3 Bd7 10. Bg5 h6 11. Bc1 Nxd4 12. Qxd4 b5 13. a4 Ng4 14. Qd1 b4 15. Nd5
a5 16. f3 e6 17. fxg4 exd5 18. Bxd5 Rc8 19. Bb3 Bc6 20. Qf3 Qe7 21. Bf4 g5 22.
Bg3 Bd4+ 23. Bf2 Bxb2 24. Rad1 Be5 25. Bd4 Kg7 26. h3 Qe8 27. Rf1 Qe7 28. Rf2
Rcd8 29. Qe3 f6 30. Bb6 Ra8 31. Bd4 Rad8 32. c3 Bxe4 33. Bxe5 Qxe5 34. Qa7+ Kh8
35. cxb4 axb4 36. Qd4 d5 37. Bc2 Rb8 38. Qxe5 fxe5 39. Rxf8+ Rxf8 40. Bxe4 dxe4
41. Rb1 e3 42. Rxb4 e2 43. Rb1 Ra8 44. Re1 Rxa4 45. Rxe2 e4 46. Kf2 Kg7 47. Ke3
Kf6 48. Rb2 Ke5 49. Rb5+ Kf6 50. Rf5+ Ke6 51. Rc5 Kf6 1/2-1/2

[Event "AUTO-ELITE-2071"]
[Site "http://www.queenalice.com/game.php?id=1566424"]
[Date "2019.4.3"]
[Round "2"]
[White "Paulzinho"]
[Black "plexus"]
[Result "1-0"]
[WhiteElo "2375"]
[BlackElo "2654"]

1. e4 e6 2. d4 d5 3. Nc3 Bb4 4. e5 c5 5. a3 Bxc3+ 6. bxc3 Qc7 7. Qg4 f5 8. Qg3
Nc6 9. Nf3 cxd4 10. Bb5 dxc3 11. a4 a6 12. Bxc6+ bxc6 13. Ba3 c5 14. Bxc5 g6 15.
Bd4 Rb8 16. O-O Rb4 17. Ra3 Rc4 18. Qg5 Ne7 19. Rb1 Nc6 20. Bxc3 Qe7 21. Qxe7+
Kxe7 22. Kf1 Bd7 23. a5 Rb8 24. Rb6 Kd8 25. Rxa6 d4 26. Rxc6 Bxc6 27. Nxd4 Bd5
28. Ke2 Kc8 29. a6 Rc7 30. Kd2 Ra7 31. Ra5 Rba8 32. Rc5+ Rc7 33. Ra5 Bc4 34. Bb4
Rxa6 35. Rxa6 Bxa6 36. Bd6 Rc4 37. Nxe6 Re4 38. Kc3 Re2 39. Nc7 Bb7 40. e6 Bxg2
41. e7 Bc6 42. Kd3 Rxf2 43. Be5 Rf1 44. e8=Q+ Bxe8 45. Nxe8 Kd7 46. Nc7 g5 47.
c4 Re1 48. Bg3 Rd1+ 49. Ke2 Rc1 50. Nd5 f4 51. Nxf4 gxf4 52. Bxf4 Rxc4 53. Kf3
Ke6 54. Kg3 Kf5 55. Bd6 Rc6 56. Bb8 1-0

[Event "Challenge"]
[Site "http://www.queenalice.com/game.php?id=1579546"]
[Date "2019.8.6"]
[Round "-"]
[White "Paulzinho"]
[Black "Sacapiece"]
[Result "1/2-1/2"]
[WhiteElo "2409"]
[BlackElo "2263"]

1. e4 c5 2. Nf3 d6 3. d4 cxd4 4. Nxd4 Nf6 5. Nc3 g6 6. Be3 Bg7 7. f3 O-O 8. Qd2
Nc6 9. Bc4 Bd7 10. O-O-O Rc8 11. Bb3 Nxd4 12. Bxd4 b5 13. h4 a5 14. a3 b4 15.
axb4 axb4 16. Nd5 Nxd5 17. Bxg7 Kxg7 18. exd5 Kg8 19. Qe3 Rc5 20. h5 Bf5 21.
hxg6 Bxg6 22. Kd2 Qb6 23. Rc1 Rfc8 24. Rhe1 Qa5 25. Kd1 R8c7 26. Re2 Qa8 27. Qd4
Ra5 28. Qxb4 Ra1 29. Qd4 Rxc1+ 30. Kxc1 Qa6 31. Kd1 Ra7 32. Ke1 1/2-1/2

[Event "Challenge"]
[Site "http://www.queenalice.com/game.php?id=1579547"]
[Date "2019.8.6"]
[Round "-"]
[White "Sacapiece"]
[Black "Paulzinho"]
[Result "0-1"]
[WhiteElo "2264"]
[BlackElo "2404"]

1. e4 c5 2. Nf3 d6 3. d4 cxd4 4. Nxd4 Nf6 5. Nc3 g6 6. Be3 Bg7 7. f3 O-O 8. Qd2
Nc6 9. Bc4 Bd7 10. O-O-O Rc8 11. Bb3 Nxd4 12. Bxd4 b5 13. h4 a5 14. h5 a4 15.
Bxf6 exf6 16. Bd5 f5 17. hxg6 hxg6 18. g4 fxg4 19. Qh2 Re8 20. fxg4 Be6 21. Rdf1
Qg5+ 22. Kb1 b4 23. Bxe6 Rxe6 24. Nd5 Rxe4 25. Nb6 Rd8 26. Nxa4 Qb5 27. Qf2 Rf8
28. Qf3 Re7 29. Qb3 Qc6 30. Qxb4 Rb7 31. Qf4 Ra8 32. Nc3 Bxc3 0-1

[Event "AUTO-ELITE-2171"]
[Site "http://www.queenalice.com/game.php?id=1589376"]
[Date "2019.11.8"]
[Round "1"]
[White "BEBADO"]
[Black "Paulzinho"]
[Result "0-1"]
[WhiteElo "2237"]
[BlackElo "2412"]

1. e4 c5 2. Nf3 d6 3. d4 cxd4 4. Nxd4 Nf6 5. Nc3 g6 6. Be3 Bg7 7. f3 O-O 8. Qd2
Nc6 9. Bc4 Bd7 10. O-O-O Rc8 11. Bb3 Ne5 12. h4 h5 13. Bg5 Rc5 14. g4 hxg4 15.
f4 Nc4 16. Qe2 Na5 17. e5 Nxb3+ 18. Nxb3 Rxc3 19. bxc3 Bc6 20. exf6 exf6 21.
Qxg4 Bxh1 22. Rxh1 fxg5 23. hxg5 Re8 24. f5 Qc8 0-1

[Event "AUTO-ELITE-2171"]
[Site "http://www.queenalice.com/game.php?id=1589377"]
[Date "2019.11.8"]
[Round "1"]
[White "Paulzinho"]
[Black "BEBADO"]
[Result "0-1"]
[WhiteElo "2413"]
[BlackElo "2278"]

1. e4 c5 2. b4 cxb4 3. a3 d5 4. exd5 Qxd5 5. Nf3 Bg4 6. axb4 Bxf3 7. Qxf3 Qxf3
8. gxf3 e6 9. b5 Nd7 10. Bg2 Bc5 11. f4 O-O-O 12. Nc3 Kb8 13. Ne4 Ngf6 14. Nxc5
Nxc5 15. Bb2 Rd7 16. Be5+ Ka8 17. d4 Nce4 0-1

[Event "AUTO-ELITE-2171"]
[Site "http://www.queenalice.com/game.php?id=1589382"]
[Date "2019.11.8"]
[Round "1"]
[White "Cuxtal"]
[Black "Paulzinho"]
[Result "1/2-1/2"]
[WhiteElo "2692"]
[BlackElo "2406"]

1. e4 c5 2. Nf3 d6 3. Bb5+ Nd7 4. O-O a6 5. Bxd7+ Bxd7 6. Re1 Nf6 7. e5 dxe5 8.
Nxe5 Rc8 9. d3 e6 10. Qf3 Bc6 11. Nxc6 Rxc6 12. Nd2 Be7 13. Nc4 O-O 14. a4 Qd5
15. Qg3 Bd6 16. Nxd6 Qxd6 17. Qxd6 Rxd6 18. a5 Nd5 19. Re4 Rc8 20. Be3 h5 21.
Rc4 Rdc6 22. h3 f6 1/2-1/2

[Event "AUTO-ELITE-2171"]
[Site "http://www.queenalice.com/game.php?id=1589383"]
[Date "2019.11.8"]
[Round "1"]
[White "Paulzinho"]
[Black "Cuxtal"]
[Result "0-1"]
[WhiteElo "2416"]
[BlackElo "2688"]

1. e4 c5 2. b4 cxb4 3. a3 d5 4. exd5 Qxd5 5. Nf3 e5 6. c4 Qe6 7. d4 exd4+ 8. Be2
Qb6 9. O-O Nc6 10. Re1 Nf6 11. Bd3+ Be7 12. axb4 Be6 13. b5 Nb4 14. Bb2 Bc5 15.
Na3 O-O 16. Nc2 Rfd8 17. Nxb4 Bxb4 18. Rf1 Bc5 19. h3 h6 20. Qc2 a5 21. bxa6
bxa6 22. Ba3 Rac8 23. Rfb1 Qd6 24. Bc1 Bd7 25. Qd2 Nh5 26. Ra2 Rb8 27. Rba1 Bc8
28. Ra5 Nf6 29. Ba3 Bxa3 30. R1xa3 Bb7 0-1

[Event "BDG versus Caro-Kann"]
[Site "http://www.queenalice.com/game.php?id=1592612"]
[Date "2019.12.10"]
[Round "-"]
[White "Paulzinho"]
[Black "Sacapiece"]
[Result "1-0"]
[WhiteElo "2408"]
[BlackElo "2308"]

1. e4 c6 2. d4 d5 3. Nc3 dxe4 4. Bc4 Nf6 5. f3 exf3 6. Nxf3 Bf5 7. O-O e6 8. Ng5
Bg6 9. Ne2 Bd6 10. Nf4 Bxf4 11. Bxf4 Nd5 12. Qg4 O-O 13. Qg3 Nxf4 14. Rxf4 Nd7
15. Raf1 Nf6 16. Rh4 Qe7 17. Bd3 h6 18. Nxf7 Qxf7 19. Bxg6 Qe7 20. Bd3 Rad8 21.
c3 Nd5 22. Rxh6 Rxf1+ 23. Bxf1 Rf8 24. Bc4 b5 25. Bxd5 exd5 26. Rxc6 Qe4 27. h3
Qb1+ 28. Kh2 Qxa2 29. Rg6 Rf7 30. Qb8+ Kh7 31. Rg4 Qa5 32. Rh4+ Kg6 33. Qg3+ 1-0

[Event "BDG versus Caro-Kann"]
[Site "http://www.queenalice.com/game.php?id=1592845"]
[Date "2019.12.12"]
[Round "-"]
[White "Sacapiece"]
[Black "Paulzinho"]
[Result "0-1"]
[WhiteElo "2316"]
[BlackElo "2402"]

1. e4 c6 2. d4 d5 3. Nc3 dxe4 4. Bc4 Nf6 5. f3 exf3 6. Nxf3 Bf5 7. Ne5 e6 8. O-O
Bg6 9. Bg5 Nbd7 10. Qe1 Be7 11. Rd1 Nxe5 12. dxe5 Nd7 13. Bxe7 Qxe7 14. Rd6 O-O
15. Rf2 Rad8 16. Rfd2 Nb6 17. Bb3 Nc8 18. Rxd8 Rxd8 19. Qd1 Rxd2 20. Qxd2 Nb6
21. Ne2 Nd7 22. Qd4 Qc5 23. c3 Kf8 24. Kf2 Ke7 25. Qxc5+ Nxc5 26. Ke3 Nd3 0-1

[Event "Dragon 🐉 "]
[Site "http://www.queenalice.com/game.php?id=1609298"]
[Date "2020.4.26"]
[Round "-"]
[White "Sacapiece"]
[Black "Paulzinho"]
[Result "0-1"]
[WhiteElo "2271"]
[BlackElo "2417"]

1. e4 c5 2. Nf3 d6 3. d4 cxd4 4. Nxd4 Nf6 5. Nc3 g6 6. Be3 Bg7 7. f3 O-O 8. Qd2
Nc6 9. Bc4 Bd7 10. O-O-O Rc8 11. Bb3 Ne5 12. Kb1 Nc4 13. Bxc4 Rxc4 14. g4 b5 15.
b3 b4 16. bxc4 bxc3 17. Qxc3 Qc7 18. g5 Nh5 19. Ka1 Be6 20. Rb1 d5 21. c5 dxe4
22. fxe4 Qe5 23. Qd2 Qxc5 24. c3 Qc7 25. Rb2 Bc4 26. Rhb1 Ba6 27. Rb3 Rd8 28.
Qf2 Bd3 29. Rc1 Bxe4 30. Nb5 Qc4 31. Bd4 e5 32. Bc5 Qe6 33. Ra3 Nf4 34. Qe3 Bf5
35. Rxa7 Nd3 36. Rd1 Qc4 37. Ra5 e4 38. Bd4 Bxd4 39. cxd4 Rb8 40. Rb1 Bd7 0-1

[Event "Dragon2"]
[Site "http://www.queenalice.com/game.php?id=1609405"]
[Date "2020.4.26"]
[Round "-"]
[White "Paulzinho"]
[Black "Sacapiece"]
[Result "1-0"]
[WhiteElo "2412"]
[BlackElo "2254"]

1. e4 c5 2. Nf3 d6 3. d4 cxd4 4. Nxd4 Nf6 5. Nc3 g6 6. Be3 Bg7 7. f3 O-O 8. Qd2
Nc6 9. Bc4 Bd7 10. O-O-O Rb8 11. Bb3 Na5 12. Kb1 b5 13. g4 Nc4 14. Bxc4 bxc4 15.
Ka1 Qb6 16. Rb1 Qa6 17. h4 Rb4 18. Bh6 Bxh6 19. Qxh6 Qa5 20. h5 g5 21. Nf5 Bxf5
22. gxf5 Nxe4 23. f6 Nxf6 24. Rbg1 g4 25. Ne4 Qe5 26. Nxf6+ 1-0

[Event "Challenge"]
[Site "http://www.queenalice.com/game.php?id=1632975"]
[Date "2020.11.14"]
[Round "-"]
[White "Sacapiece"]
[Black "Paulzinho"]
[Result "0-1"]
[WhiteElo "2235"]
[BlackElo "2426"]

1. e4 c5 2. Nf3 d6 3. d4 cxd4 4. Nxd4 Nf6 5. Nc3 g6 6. Be3 Bg7 7. f3 Nc6 8. Qd2
O-O 9. O-O-O Bd7 10. g4 Ne5 11. h4 Rc8 12. Be2 Qa5 13. Kb1 Rxc3 14. Qxc3 Qxc3
15. bxc3 Rc8 16. Kb2 Ba4 17. h5 Nfd7 18. hxg6 hxg6 19. Bh6 Bf6 20. g5 Bh8 21.
Rh4 Nc4+ 22. Bxc4 Rxc4 23. Rdh1 Bc6 24. Ne2 Rc5 25. Bf8 Bxc3+ 26. Nxc3 Nxf8 27.
f4 a5 28. Rd1 Rc4 29. Re1 Kg7 30. Rh2 Nd7 31. Rf2 b5 32. e5 dxe5 33. fxe5 e6 34.
Rd2 Nb6 35. Rd6 Rc5 36. Rd4 Nc4+ 37. Kc1 Na3 38. Kd2 b4 39. Ne4 Rxc2+ 40. Kd1
Rxa2 41. Rd8 Ba4+ 0-1

[Event "Nog n draak"]
[Site "http://www.queenalice.com/game.php?id=1632976"]
[Date "2020.11.14"]
[Round "-"]
[White "Paulzinho"]
[Black "Sacapiece"]
[Result "1-0"]
[WhiteElo "2422"]
[BlackElo "2242"]

1. e4 c5 2. Nf3 d6 3. d4 cxd4 4. Nxd4 Nf6 5. Nc3 g6 6. Be3 Bg7 7. f3 O-O 8. Qd2
Nc6 9. g4 Be6 10. Nxe6 fxe6 11. O-O-O Ne5 12. Be2 Qc8 13. h4 Nfd7 14. f4 Nc4 15.
Bxc4 Qxc4 16. e5 Rad8 17. h5 dxe5 18. f5 exf5 19. hxg6 f4 20. gxh7+ Kh8 21. Bxa7
e4 22. Qd5 Qxd5 23. Nxd5 Ne5 24. Nxe7 Rxd1+ 25. Kxd1 Bf6 26. Rh5 Bxe7 27. Rxe5
Rd8+ 28. Ke2 Bf6 29. Rxe4 Bxb2 30. Rb4 Bc3 31. Rxb7 Bd4 32. Rb8 Rxb8 33. Bxb8
Kxh7 34. Kf3 1-0

[Event "Challenge"]
[Site "http://www.queenalice.com/game.php?id=1641808"]
[Date "2021.1.28"]
[Round "-"]
[White "Paulzinho"]
[Black "Sacapiece"]
[Result "1-0"]
[WhiteElo "2426"]
[BlackElo "2226"]

1. e4 e5 2. Bc4 Nf6 3. d4 exd4 4. Nf3 Nc6 5. O-O Nxe4 6. Nc3 Nd6 7. Re1+ Be7 8.
Nd5 Nxc4 9. Nxe7 Nxe7 10. Qxd4 O-O 11. Qxc4 d5 12. Qc3 Be6 13. b4 Qd6 14. Bb2
Nf5 15. g4 d4 16. Qd3 Ne7 17. Re4 Ng6 18. Rxd4 Qe7 19. Re1 Rfe8 20. Rde4 Qf8 21.
h4 h6 22. h5 Ne7 23. c4 Rad8 24. Qe3 Nc6 25. g5 hxg5 26. Nxg5 Bd7 27. b5 Rxe4
28. Qxe4 1-0

[Event "Challenge"]
[Site "http://www.queenalice.com/game.php?id=1641809"]
[Date "2021.1.28"]
[Round "-"]
[White "Sacapiece"]
[Black "Paulzinho"]
[Result "1/2-1/2"]
[WhiteElo "2220"]
[BlackElo "2430"]

1. e4 e5 2. Nf3 Nc6 3. d4 exd4 4. Bc4 Nf6 5. O-O Nxe4 6. Nc3 Nxc3 7. bxc3 Be7 8.
cxd4 d5 9. Bb5 O-O 10. Re1 Bb4 11. Bd2 Bxd2 12. Qxd2 Qd6 13. Re3 Bd7 14. Rae1 a6
15. Bxc6 Bxc6 16. Ne5 Rae8 17. Qc3 Bb5 18. Qb3 b6 19. a4 Bd7 20. h3 a5 21. Nxd7
Rxe3 22. Rxe3 Qxd7 23. Re5 Rd8 24. c4 dxc4 25. Qxc4 Kf8 26. d5 Re8 1/2-1/2

[Event "9.0-0-0/g4 Ld7?! #1"]
[Site "http://www.queenalice.com/game.php?id=1684000"]
[Date "2021.4.25"]
[Round "-"]
[White "Sacapiece"]
[Black "Paulzinho"]
[Result "0-1"]
[WhiteElo "2205"]
[BlackElo "2430"]

1. e4 c5 2. Nf3 d6 3. d4 cxd4 4. Nxd4 Nf6 5. Nc3 g6 6. Be3 Bg7 7. f3 O-O 8. Qd2
Nc6 9. g4 Bd7 10. h4 Rc8 11. O-O-O Ne5 12. h5 Qa5 13. Nb3 Qc7 14. Be2 b5 15. a3
Nc4 16. Bxc4 bxc4 17. Nd4 Rb8 18. Kb1 Qb6 19. Qc1 Qa5 20. Ka2 Rb7 21. Qd2 Rfb8
22. Rb1 Rb6 23. hxg6 fxg6 24. Ka1 Ra6 25. Qc1 e5 26. Nde2 d5 27. Bh6 d4 28. Nd5
Nxd5 29. exd5 c3 30. Bxg7 cxb2+ 0-1

[Event "9.0-0-0/g4 Ld7?! #2"]
[Site "http://www.queenalice.com/game.php?id=1684001"]
[Date "2021.4.25"]
[Round "-"]
[White "Paulzinho"]
[Black "Sacapiece"]
[Result "1-0"]
[WhiteElo "2433"]
[BlackElo "2200"]

1. e4 c5 2. Nf3 d6 3. d4 cxd4 4. Nxd4 Nf6 5. Nc3 g6 6. Be3 Bg7 7. f3 O-O 8. Qd2
Nc6 9. O-O-O Bd7 10. g4 Rc8 11. h4 Ne5 12. h5 Qa5 13. Nb3 Qc7 14. Be2 b5 15. Kb1
b4 16. Nd5 Nxd5 17. exd5 a5 18. Nd4 Nc4 19. Bxc4 Qxc4 20. hxg6 fxg6 21. Qh2 Kf7
22. b3 Qc7 23. Bg5 Rce8 24. Bh6 Bxh6 25. Qxh6 Rh8 26. f4 Qc5 27. f5 Rc8 28.
fxg6+ Ke8 29. Qg7 Rf8 30. Rxh7 1-0